<?xml version="1.0" encoding="UTF-8"?><?xml-stylesheet type="text/xsl" href="static/style.xsl"?><OAI-PMH xmlns="http://www.openarchives.org/OAI/2.0/" xmlns:xsi="http://www.w3.org/2001/XMLSchema-instance" xsi:schemaLocation="http://www.openarchives.org/OAI/2.0/ http://www.openarchives.org/OAI/2.0/OAI-PMH.xsd"><responseDate>2026-04-14T08:08:41Z</responseDate><request verb="GetRecord" identifier="oai:www.recercat.cat:10230/32954" metadataPrefix="marc">https://recercat.cat/oai/request</request><GetRecord><record><header><identifier>oai:recercat.cat:10230/32954</identifier><datestamp>2025-12-19T22:59:07Z</datestamp><setSpec>com_2072_6</setSpec><setSpec>col_2072_452952</setSpec></header><metadata><record xmlns="http://www.loc.gov/MARC21/slim" xmlns:dcterms="http://purl.org/dc/terms/" xmlns:xsi="http://www.w3.org/2001/XMLSchema-instance" xmlns:doc="http://www.lyncode.com/xoai" xsi:schemaLocation="http://www.loc.gov/MARC21/slim http://www.loc.gov/standards/marcxml/schema/MARC21slim.xsd">
   <leader>00925njm 22002777a 4500</leader>
   <datafield ind2=" " ind1=" " tag="042">
      <subfield code="a">dc</subfield>
   </datafield>
   <datafield ind2=" " ind1=" " tag="720">
      <subfield code="a">Schedl, Markus</subfield>
      <subfield code="e">author</subfield>
   </datafield>
   <datafield ind2=" " ind1=" " tag="720">
      <subfield code="a">Eghbal-Zadeh, Hamid</subfield>
      <subfield code="e">author</subfield>
   </datafield>
   <datafield ind2=" " ind1=" " tag="720">
      <subfield code="a">Gómez Gutiérrez, Emilia, 1975-</subfield>
      <subfield code="e">author</subfield>
   </datafield>
   <datafield ind2=" " ind1=" " tag="720">
      <subfield code="a">Tkalčič, Marko</subfield>
      <subfield code="e">author</subfield>
   </datafield>
   <datafield ind2=" " ind1=" " tag="260">
      <subfield code="c">2017-10-16T09:45:21Z</subfield>
   </datafield>
   <datafield ind2=" " ind1=" " tag="260">
      <subfield code="c">2017-10-16T09:45:21Z</subfield>
   </datafield>
   <datafield ind2=" " ind1=" " tag="260">
      <subfield code="c">2016</subfield>
   </datafield>
   <datafield ind2=" " ind1=" " tag="520">
      <subfield code="a">Comunicació presentada a la ISMR 2016, 17th International Society for Music Information Retrieval Conference, celebrada els dies 7 a 11 d&amp;apos;agost de 2016 a New York City.</subfield>
   </datafield>
   <datafield ind2=" " ind1=" " tag="520">
      <subfield code="a">We present a study, carried out on 241 participants, which investigates on classical music material the agreement of listeners on perceptual music aspects (related to emotion, tempo, complexity, and instrumentation) and the relationship between listener characteristics and these aspects. For the currently popular task of music emotion recognition, the former question is particularly important when defining a ground truth of emotions perceived in a given music collection. We characterize listeners via a range of factors, including demographics, musical inclination, experience, and education, and personality traits. Participants rate the music material under investigation, i.e., 15 expert-defined segments of Beethoven’s 3rd symphony, “Eroica”, in terms of 10 emotions, perceived tempo, complexity, and number of instrument groups. Our study indicates only slight agreement on most perceptual aspects, but significant correlations between several listener characteristics and perceptual qualities.</subfield>
   </datafield>
   <datafield ind2=" " ind1=" " tag="520">
      <subfield code="a">This research is supported by the Austrian Science Fund (FWF): P25655 and was made possible by the EU FP7 project no. 601166 (“PHENICX”).</subfield>
   </datafield>
   <datafield tag="653" ind2=" " ind1=" ">
      <subfield code="a">Música -- Anàlisi</subfield>
   </datafield>
   <datafield ind2="0" ind1="0" tag="245">
      <subfield code="a">An analysis of agreement in classical music perception and its relationship to listener characteristics</subfield>
   </datafield>
</record></metadata></record></GetRecord></OAI-PMH>